01019nam a2200253 i 4500001000700000003000900007005001700016007000300033008004100036100003300077245012200110250001500232260004000247300003200287490004300319600003600362651004200398700004900440700005200489830005100541852003200592999001900624952012200643117599ES-MaACL20260301184635.0t|070214s1971 sp r ||||1| spa d1 aPedrol Rius, Antonio.98993414aLos asesinos del General Prim / cAntonio Pedrol Rius ; prólogo Eduardo Aunós ; epílogo Dr. de la Fuente Chaos. a[2ª ed.]. aBarcelona : bEdiciones 29, c1971. a136 p. 12 lám. ; c19 cm.1 aColección "Brumas de España" ; v114aPrim, Juan, d1814-18709242561 7aEspaña-xHistoria-yS.XIX291420051 aAunós Pérez, Eduardo, d1894-19679239201 aFuente Chaos, Alfonso de la, d1908-19889528640 aColección "Brumas de España" ; v19233362 aES-MaACLjC-41587 bR.77102 c117599d117599 00104070aATENEOMbATENEOMcDEPO2d2008-01-17eSCl0oC-41587p1122604r2023-02-23 00:00:00w2023-02-23yMONOGRAFIA